Predaj čaju ovplyvnila slabá zima

Aj keď čaje patria na Slovensku medzi 30 najpredávanejších potravinových kategórií, medziročne klesajú v hodnote takmer o 4 percentá, v objeme o 6 percent. Pre túto kategóriu je typický neustále sa rozširujúci sortiment. Za uplynulý rok pribudlo na slovenskom maloobchodnom trhu asi 220 noviniek, naj...

Descripción completa

Guardado en:
Detalles Bibliográficos
Autor principal: Raševová, Kristína
Formato: Capítulo de libro
Lenguaje:eslovaco
Materias:
Etiquetas: Agregar Etiqueta
Sin Etiquetas, Sea el primero en etiquetar este registro!

MARC

LEADER 00000naa a2200000 4500
001 0192590
005 20231011070029.2
041 0 |a slo 
044 |a SK 
245 1 0 |a Predaj čaju ovplyvnila slabá zima  |c Kristína Raševová 
520 |a Aj keď čaje patria na Slovensku medzi 30 najpredávanejších potravinových kategórií, medziročne klesajú v hodnote takmer o 4 percentá, v objeme o 6 percent. Pre túto kategóriu je typický neustále sa rozširujúci sortiment. Za uplynulý rok pribudlo na slovenskom maloobchodnom trhu asi 220 noviniek, najväčší počet v segmente bylinkových čajov. 
610 2 0 |a maloobchod 
610 2 0 |a predaj 
610 2 0 |a Slovensko 
610 2 0 |a čaj 
100 1 |a Raševová, Kristína